Les 10 rappeurs US les plus écoutées - Statistiques

Statistiques générales
  • Ce quiz a été pris 520 fois
  • Le résultat moyen est 5 sur 10
Statistiques - réponses
Classement Rappeur % Correct
1 Drake
91%
5 Kendrick Lamar
74%
4 Eminem
71%
2 Travis Scott
71%
3 Kanye West
54%
6 Future
48%
9 Playboi Carti
31%
8 21 Savage
27%
7 Metro Boomin
17%
10 xxxtentaction
0%
Aucun quiz correspondant
Distribution des résultats
% des personnes avec chaque résultat
Percentile par nombre de réponses
Votre historique - résultats
Vous n’avez pas pris ce quiz